Pauline Epistles Quiz Stats

 Plays Quiz Updated Apr 14, 2017

Support Sporcle.
Go Orange.
Score 0/13 Timer 02:00
3 Plays Today
Epistle % Correct
Romans
85.7%
Ephesians
75.4%
1 Corinthians
73.8%
Galatians
73.3%
2 Corinthians
73%
Titus
67.2%
Colossians
66.8%
Philippians
62.5%
1 Thessalonians
62%
2 Thessalonians
61.2%
1 Timothy
61%
2 Timothy
60.5%
Philemon
56.5%

From the Vault

NFL Last Drafted QB by College

by Ben

Sports 7m
If Ryan Leaf were still a part of this quiz, we'd make fun of him here.
Remove Ads.
Support Sporcle.
Get the best of Sporcle when you Go Orange. This ad-free experience offers more features, more stats, and more fun while also helping to support Sporcle. Thank you for becoming a member.

Show Comments

Extras

Top Quizzes Today


Score Distribution

Your Account Isn't Verified!

In order to create a playlist on Sporcle, you need to verify the email address you used during registration. Go to your Sporcle Settings to finish the process.

Report this User

Report this user for behavior that violates our Community Guidelines.

Details: